| 000 | 01045nam a22003257a 4500 | ||
|---|---|---|---|
| 001 | 0072341 | ||
| 003 | KOHA_MİRAKIL | ||
| 005 | 20260207005051.0 | ||
| 007 | ta | ||
| 008 | 241202b2010 us |||gr||||#0|||1|eng | | ||
| 020 | _a9780521619561 | ||
| 040 |
_aTR-BiSEU _btur _cTR-BiSEU _erda |
||
| 041 | 0 | _aeng | |
| 044 | _cus | ||
| 050 |
_aPE1137 _b.H49 2010 |
||
| 100 | 1 | _aHewings, Martin. | |
| 245 | 1 |
_aEnglish pronunciation in use/ _cMartin Hewings ; Martin Hewings. |
|
| 250 | _a3. Edition | ||
| 264 | 1 |
_aCambridge : _bCambridge University Press _c2010 |
|
| 300 |
_a192 pages: illustrated; 27 cm. + _e6 CD Rom. |
||
| 336 |
_ametin _btxt _2rdacontent |
||
| 337 |
_aaracısız _bn _2rdamedia |
||
| 338 |
_acilt _bnc _2rdacarrier |
||
| 650 | 0 |
_aEnglish language--textbooks for foreign speakers. _9144071 |
|
| 650 | 0 |
_aEnglish language--pronunciation. _9144072 |
|
| 650 | 0 |
_aİngilizce dili--yabancı konuşmacılar için ders kitapları. _9144073 |
|
| 650 | 0 |
_aİngiliz dili--telaffuz. _9144074 |
|
| 907 | _aDil | ||
| 942 |
_2lcc _cBK |
||
| 999 |
_c73095 _d73095 |
||